00377nam a22001097a 4500008004100000020001800041082001400059100002100073245008900094260005800183300002600241200128b ||||| |||| 00| 0 eng d a9788125050537 a907.2 HOO aNiharranjan, Ray aHistory of the Bengali People ;bFrom earliest times to the fall of the Sena Dynasty aNew Delhi ;bOrient Blackswan Private limited,c2013. axxxix, 613 p.c23 cm.